000 00507nam a2200145Ia 4500
008 230917s9999||||xx |||||||||||||| ||und||
040 _e27746
_aMAIN
041 _aEnglish
082 _a586.634 E67E
100 _aBasic Chemicals, Pharmaceuticals and Cosmetics Export Promotion Council.
245 0 _aExport potential of selected medicinal plants and their derivatives
260 _aBombady
_bBasic Chemicals, Pharmaceuticals and Cosmetics Export Promotion Council
_cn.d.
300 _a278 p.
942 _cBK
999 _c80354
_d80354